00760nam a2200205 a 450000100060000000300060000600500170001200800410002903500190007003500210008904000270011004100080013708200210014510000310016624501630019726000490036030000240040950000770043365100440051025044UkOxU20211209050825.0140316r19621959enk 000 0 eng d a(BD-RjUL)25113 a(OCoLC)214378579 aSYBcSYBbengdBD-RjUL aeng04a944.04bBUR 19621 aBurke, Edmund,d1729-1797.10aReflections on the revolution in France, and on the proceedings in certain societies in London relative to that event /cby the Right Honourable Edmund Burke aLondon :bJ. Dodsley,c1959 [Reprinted 1962] aiv, 308 p. ;c20 cm aTome 19, no. 1 in a collection with binder's title: Revolution de France 0aFrancexHistoryyRevolution, 1789-1799.